000 00651cam a2200229 a 4500
001 1950220
005 20180315090055.0
008 870826s1988 ilua b 000 0 eng
010 _a 87023559
020 _a0673397653 (pbk.)
040 _aDLC
_cDLC
_dDLC
041 _aeng
080 _a808/.0427 LAU
082 0 0 _a808/.0427 LAU
_219
100 1 _a25
101 _aEDU
245 1 0 _aWriting and reading across the curriculum /
_cLaurence Behrens, Leonard J. Rosen.
504 _aIncludes bibliographies.
740 0 _aWriting & reading across the curriculum.
906 _a7
_bcbc
_corignew
_d1
_eocip
_f19
_gy-gencatlg
942 _2ddc
_cBK
999 _c45152
_d45152